[Event "Wroclaw Anderssen Memorial op-B"]
[Site "Wroclaw"]
[Date "2023.??.??"]
[Round "6"]
[White "Lesniak, Szymon"]
[Black "Drukarczyk, Kacper"]
[Result "0-1"]
[WhiteElo "1549"]
[BlackElo "1370"]
[PlyCount "46"]
[EventDate "2023.08.06"]
[EventType "swiss"]
[EventRounds "9"]
[EventCountry "POL"]
[SourceTitle "EXT 2024"]
[Source "ChessBase"]
[SourceDate "2023.10.10"]
[SourceVersion "1"]
[SourceVersionDate "2023.10.10"]
[SourceQuality "1"]

1. e4 c6 2. c4 d5 3. exd5 cxd5 4. d4 Nf6 5. Nc3 e6 6. Bf4 Bd6 7. Bxd6 Qxd6 8. c5 Qe7 9. Nf3 0-0 10. b4 a6 11. a4 b6 12. a5 b5 13. Be2 Nc6 14. Rb1 e5 15. dxe5 Nxe5 16. Nxd5 Nxf3+ 17. gxf3 Nxd5 18. Qxd5 Bb7 19. Qd3 Rad8 20. Qe3 Qf6 21. Bd3 Qc3+ 22. Ke2 Rfe8 23. Be4 Qc4+ 0-1

[Event "Wroclaw Anderssen Memorial op-B"]
[Site "Wroclaw"]
[Date "2023.??.??"]
[Round "4"]
[White "Lesniak, Szymon"]
[Black "Lasok, Marek"]
[Result "0-1"]
[WhiteElo "1549"]
[BlackElo "1759"]
[PlyCount "80"]
[EventDate "2023.08.06"]
[EventType "swiss"]
[EventRounds "9"]
[EventCountry "POL"]
[SourceTitle "EXT 2024"]
[Source "ChessBase"]
[SourceDate "2023.10.10"]
[SourceVersion "1"]
[SourceVersionDate "2023.10.10"]
[SourceQuality "1"]

1. e4 c5 2. d4 cxd4 3. c3 Nf6 4. e5 Nd5 5. cxd4 d6 6. Nf3 Nc6 7. Bc4 dxe5 8. dxe5 Ndb4 9. Qxd8+ Nxd8 10. Nd4 Ndc6 11. Nxc6 Nxc6 12. f4 e6 13. Be3 Be7 14. 0-0 0-0 15. Nc3 Rd8 16. Rad1 Bd7 17. Ne4 Na5 18. Bd3 Bc6 19. a3 Rxd3 20. Rxd3 Bxe4 21. Rd7 Kf8 22. b4 Nc4 23. Bc1 Bd5 24. f5 Ke8 25. fxe6 fxe6 26. Rc7 Kd8 27. Rf7 Kxc7 28. Rxe7+ Kc6 29. Rxg7 Be4 30. Re7 Bf5 31. b5+ Kxb5 32. Rxb7+ Kc6 33. Rg7 Rd8 34. Bf4 Rd7 35. Rg3 Rd3 36. Rg7 Rxa3 37. g4 Bg6 38. h4 Rf3 39. Bh2 Rf7 40. Rg8 Ne3 0-1

[Event "Rewal op 11th"]
[Site "Rewal"]
[Date "2006.08.29"]
[Round "11"]
[White "Lesniak, Szymon"]
[Black "Costello, Colin"]
[Result "0-1"]
[WhiteElo "1786"]
[BlackElo "2021"]
[PlyCount "36"]
[EventDate "2006.08.21"]
[EventType "swiss"]
[EventRounds "11"]
[EventCountry "POL"]
[SourceTitle "EXT 2010"]
[Source "ChessBase"]
[SourceDate "2010.11.25"]
[SourceVersion "1"]
[SourceVersionDate "2010.11.25"]
[SourceQuality "1"]

1. e4 e5 2. Nf3 Nc6 3. d4 exd4 4. Nxd4 Nf6 5. Nxc6 bxc6 6. e5 Qe7 7. f4 Ne4 8. Qf3 d5 9. Bd3 Bf5 10. Nd2 Qc5 11. a3 Qa5 12. g4 Bd7 13. Bxe4 dxe4 14. Qxe4 Be7 15. b4 Bh4+ 16. Kf1 Qb6 17. Qg2 Bxg4 18. Bb2 Bh3 0-1

[Event "Rewal op 11th"]
[Site "Rewal"]
[Date "2006.08.23"]
[Round "3"]
[White "Lesniak, Szymon"]
[Black "Wolski, Arkadiusz"]
[Result "1-0"]
[WhiteElo "1786"]
[BlackElo "1695"]
[PlyCount "43"]
[EventDate "2006.08.21"]
[EventType "swiss"]
[EventRounds "11"]
[EventCountry "POL"]
[SourceTitle "EXT 2010"]
[Source "ChessBase"]
[SourceDate "2010.11.25"]
[SourceVersion "1"]
[SourceVersionDate "2010.11.25"]
[SourceQuality "1"]

1. e4 c5 2. Nf3 d6 3. d4 cxd4 4. Nxd4 Nf6 5. Nc3 e6 6. Bc4 a6 7. Be3 Nbd7 8. 0-0 Be7 9. Bxe6 0-0 10. f4 Qc7 11. Nf5 Nc5 12. Bxc8 Raxc8 13. Bxc5 dxc5 14. Qe2 Rfe8 15. Rad1 Bf8 16. Qf3 g6 17. e5 Nd7 18. Nd6 Bxd6 19. Rxd6 Kh8 20. Rfd1 Nb6 21. Nd5 Nxd5 22. Qxd5 1-0

[Event "Rewal op 11th"]
[Site "Rewal"]
[Date "2006.08.21"]
[Round "2"]
[White "Matuszczyk, Przemyslaw"]
[Black "Lesniak, Szymon"]
[Result "0-1"]
[WhiteElo "1921"]
[BlackElo "1786"]
[PlyCount "62"]
[EventDate "2006.08.21"]
[EventType "swiss"]
[EventRounds "11"]
[EventCountry "POL"]
[SourceTitle "EXT 2010"]
[Source "ChessBase"]
[SourceDate "2010.11.25"]
[SourceVersion "1"]
[SourceVersionDate "2010.11.25"]
[SourceQuality "1"]

1. e4 c5 2. Nf3 d6 3. d4 cxd4 4. Nxd4 Nf6 5. Nc3 g6 6. Be3 Bg7 7. f3 Nc6 8. Qd2 0-0 9. 0-0-0 Bd7 10. g4 Ne5 11. h4 Rc8 12. Bh6 Bxh6 13. Qxh6 Rxc3 14. bxc3 Qa5 15. Qe3 Rc8 16. Kb2 Nxf3 17. Nxf3 Nxg4 18. Qd4 Be6 19. Ra1 Rc6 20. Nd2 Nf2 21. Rh2 Nd1+ 22. Kc1 Nxc3 23. Nc4 Nxa2+ 24. Rxa2 Qxa2 25. Ne3 Qa3+ 26. Kd1 Qc5 27. Qxc5 Rxc5 28. c4 Ra5 29. Nd5 Bxd5 30. exd5 Ra1+ 31. Ke2 Ra2+ 0-1